Mots de la langue française terminés par "prendre" - Statistiques

Statistiques générales
  • Ce quiz a été pris 254 fois
  • Le résultat moyen est 8 sur 11
Statistiques - réponses
Indice Mot % Correct
acquérir à nouveau réapprendre
96%
piger comprendre
94%
acquérir apprendre
90%
commencer à nouveau reprendre
89%
saisir prendre
84%
arriver à l'improviste surprendre
84%
se tromper méprendre
80%
commencer entreprendre
57%
oublier ce qui est su désapprendre
41%
se passioner éprendre
27%
se dégager déprendre
25%
Aucun quiz correspondant
Distribution des résultats
% des personnes avec chaque résultat
Percentile par nombre de réponses
Votre historique - résultats
Vous n’avez pas pris ce quiz